Normal view
MARC view
- Skillings, John H
Entry Personal Name
001 - CONTROL NUMBER
- control field: 42734
003 - CONTROL NUMBER IDENTIFIER
- control field: NUST
005 - DATE AND TIME OF LATEST TRANSACTION
- control field: 20210314132414.0
008 - FIXED-LENGTH DATA ELEMENTS
- fixed length control field: 210314|| aca||aabn | a|a d
040 ## - CATALOGING SOURCE
- Original cataloging agency: NUST
- Transcribing agency: NUST
100 ## - HEADING--PERSONAL NAME
- Personal name: Skillings, John H
670 ## - SOURCE DATA FOUND
- Source citation: Work cat.: (NUST): Byrkit, Donald R. 42732, Statistics today :, c1987.
